000 00318pam a2200145 a 4500
020 _c
041 _h
082 _bDES
100 _aDesai, A.R.
245 _aSlums And Urbanization
_hTextual Documents
260 _aMumbai
_bPopular Prakashan
300 _a356/CB
700 _aPillai, S.Devadas
930 _a11824
999 _c118646
_d118646